|
|
|
|
| LEADER |
01425nam a2200301 a 4500 |
| 001 |
11987661 |
| 008 |
091123s2000 ii a b 001 0 eng d |
| 010 |
|
|
|a 00033278
|
| 020 |
|
|
|a 0761994297 (U.S.)
|
| 020 |
|
|
|a 0761994300 (U.S. : pbk.)
|
| 020 |
|
|
|a 8170369428 (India-HB)
|
| 020 |
|
|
|a 8170369436 (India-PB)
|
| 040 |
|
|
|a DLC
|c DLC
|d DLC
|
| 082 |
0 |
0 |
|a 338.9/0068
|2 21
|
| 100 |
1 |
|
|a Dale, Reidar.
|
| 245 |
1 |
0 |
|a Organisations and development :
|b strategies, structures, and processes /
|c Reidar Dale.
|
| 260 |
|
|
|a New Delhi ;
|a Thousand Oaks :
|b Sage Publications,
|c 2000.
|
| 300 |
|
|
|a 255 p. :
|b ill. ;
|c 25 cm.
|
| 504 |
|
|
|a Includes bibliographical references (p. [241]-248) and index.
|
| 541 |
1 |
|
|e 00012913
|
| 650 |
|
0 |
|a Non-governmental organizations.
|
| 650 |
|
0 |
|a Economic development.
|
| 650 |
|
0 |
|a Rural development.
|
| 852 |
4 |
|
|a Ayesha Abed Library
|j General Shelf
|
| 999 |
|
|
|c 5935
|d 5935
|
| 952 |
|
|
|0 0
|1 0
|2 ddc
|4 0
|6 338_900680000000000_DAL_2000
|7 0
|9 5920
|a BRACUL
|b BRACUL
|c GEN
|d 2009-12-06
|g 0.00
|l 0
|o 338.90068 DAL
|p 3010012913
|r 2009-12-06
|t 1
|w 2009-12-06
|y BK
|x No price found in the accession register.
|
| 952 |
|
|
|0 0
|1 0
|2 ddc
|4 0
|6 338_900680000000000_DAL
|7 0
|9 52473
|a SCL
|b SCL
|c GEN
|d 2015-02-05
|g 380.00
|l 0
|o 338.90068 DAL
|p 3020004279
|r 2015-02-05
|t 2
|w 2015-02-05
|y BK
|
| 952 |
|
|
|0 0
|1 0
|2 ddc
|4 0
|6 338_900000000000000_0068_DAL
|7 0
|9 53362
|a SCL
|b SCL
|c GEN
|d 2015-03-30
|g 380.00
|l 0
|o 338.90068 DAL
|p 3020004235
|r 2015-03-30
|t 3
|w 2015-03-30
|y BK
|